Statistics for Guess The Song By It's Lyrics (2015 Songs)

Click here to take the quiz!

General Stats

  • This quiz has been taken 111 times
  • The average score is 5 of 17

Answer Stats

LyricAnswer% Correct
For all the times that you rain on my parade, And all the clubs you get in using my name, You think you broke my heart, oh girl for goodness sake, You think I'm crying, on my own well I ain't.Love Yourself By Justin Bieber
57%
I'm hurting, baby, I'm broken down I need your loving, loving, I need it now, When I'm without you I'm something weak, You got me begging, Begging, I'm on my knees.Sugar By Maroon 5
55%
Ride to Harlem, Hollywood Jackson, Mississippi If we show up, we gon' show out, Smoother than a fresh jar of Skippy.Uptown Funk By Bruno Mars
50%
Don’t want for us to end where do I start, First you wanna go to the left and you want to turn right, Wanna argue all day, making love all night.What Do You Mean By Justin Bieber
43%
I'm in California dreaming about who we used to be, When we were younger and free.Hello By Adele
39%
You were the shadow to my light, Did you feel us, Another start, You fade away, Afraid our aim is out of sight, Wanna see us, Alive.Faded By Alan Walker
35%
I'll take every single piece of the blame if you want me to, But you know that there is no innocent one in this game for two, I'll go, I'll go and then you go, you go out and spill the truth, Can we both say the words and forget this?Sorry By Justin Bieber
32%
Yeah you can start over you can run free, You can find other fish in the sea, You can pretend it's meant to be, But you can't stay away from me.Animals By Maroon 5
31%
Losing friends and I'm chasing sleep, Everybody's worried about me, In too deep, Say I'm in too deep (in too deep), And it's been two years I miss my home, But there's a fire burning in my bones, Still believe Yeah, I still believe.Fight Song By Rachel Platten
31%
You're the fear, I don't care, 'Cause I've never been so high, Follow me to the dark, Let me take you past our satellites, You can see the world you brought to life, to life.Love Me Like You Do By Ellie Goulding
29%
She has dreams to be an envy, so she's starving, You know, covergirls eat nothing, She says beauty is pain and there's beauty in everything, What's a little bit of hunger?Scars To Your Beautiful By Alessia Cara
29%
Had to switch up look at things different see the bigger picture, Those were the days hard work forever pays now I see you in a better place.See You Again By Charlie Puth
26%
Well, I had me a boy, turned him into a man, I showed him all the things that he didn't understand ,Whoa, and then I let him go.Ex's and Oh's By Elle King
21%
Call me, baby, if you need a friend, I just wanna give you love, Come on, come on, come on, Reaching out to you, so take a chance.One Call Away By Charlie Puth
20%
Now break your legs, Break your legs, Now break your legs, Break your legs.Watch Me (Whip/Nae Nae) By Silento
15%
Sometimes you gotta stay in, And you know where I live,Yeah, you know what we is, Sometimes you gotta stay in, in.My House By Flo Rida
14%
I'm giving you up I've forgiven it all You set me free, oh.Send My Love (To Your New Lover) By Adele
8%

Score Distribution

Percentile by Number Answered

Percent of People with Each Score

Your Score History

You have not taken this quiz